000 00467cam a2200181ua 4500
003 OSt
008 240223b |||||||| |||| 00| 0 eng d
020 _a0-444-99523-4
041 _aeng
082 _a631.3
_bSIT/ME
100 _aSitkei, Gyorgy .
_96110
245 _aMechanics of agricultural materials /
250 _a1 /
260 _aAmsterdam :
_bElsevier ,
_c1986.
300 _a487 ; .
490 0 _aDevelopments in Agricultural Engineering,
942 _cBK
999 _c155
_d155